[Event "Oberoesteireich-ch"]
[Site "Leoben"]
[Date "2009.01.05"]
[Round "5"]
[White "Weissenbichler, Franz"]
[Black "Mueller, Helmut"]
[Result "1-0"]
[WhiteElo "2173"]
[BlackElo "2135"]
[PlyCount "93"]
[EventDate "2009.01.02"]
[EventType "swiss"]
[EventRounds "7"]
[EventCountry "AUT"]
[SourceTitle "EXT 2011"]
[Source "ChessBase"]
[SourceDate "2010.11.26"]
[SourceVersion "1"]
[SourceVersionDate "2010.11.26"]
[SourceQuality "1"]

1. e4 g6 2. d4 Bg7 3. c3 d6 4. Bd3 e5 5. Ne2 Ne7 6. 0-0 f5 7. dxe5 dxe5 8. exf5 gxf5 9. Bg5 Be6 10. Qa4+ c6 11. Rd1 Qc7 12. Ng3 e4 13. Re1 Be5 14. Bxe4 fxe4 15. Qxe4 Ng6 16. f4 0-0 17. fxe5 Qb6+ 18. Be3 Qxb2 19. Nd2 Qxc3 20. Rad1 Nd7 21. Bd4 Qa5 22. Nf3 Rae8 23. Qe3 Bg4 24. e6 Rxe6 25. Qh6 Nge5 26. Qg5+ Rg6 27. Qe7 Rg7 28. Rxe5 Rxe7 29. Rxa5 Bxf3 30. Rg5+ Kf7 31. gxf3 Ke8 32. Kg2 b6 33. Rd2 c5 34. Bb2 Kd8 35. Ne4 Kc7 36. a4 Rf4 37. Nc3 Nf6 38. Nb5+ Kb7 39. Bxf6 Rxf6 40. Rgd5 a6 41. Nd6+ Kc7 42. Ne4 Rf4 43. Kg3 Rff7 44. Nd6 Rf6 45. a5 Rg7+ 46. Kf2 bxa5 47. Ne8+ 1-0

[Event "Staufer op 15th"]
[Site "Schwaebisch Gmuend"]
[Date "2003.01.02"]
[Round "1"]
[White "Ksieski, Zbigniew"]
[Black "Mueller, Helmut"]
[Result "1-0"]
[WhiteElo "2385"]
[BlackElo "2147"]
[PlyCount "103"]
[EventDate "2003.01.02"]
[EventType "swiss"]
[EventRounds "9"]
[EventCountry "GER"]
[SourceTitle "EXT 2004"]
[Source "ChessBase"]
[SourceDate "2003.11.25"]
[SourceVersion "1"]
[SourceVersionDate "2003.11.25"]
[SourceQuality "1"]

1. d4 d5 2. Nf3 Nf6 3. c4 e6 4. g3 c5 5. cxd5 exd5 6. Bg2 Nc6 7. 0-0 cxd4 8. Nxd4 Bc5 9. Nb3 Bb6 10. Nc3 Be6 11. Bg5 0-0 12. a4 h6 13. Bxf6 Qxf6 14. a5 Bd4 15. Nxd4 Nxd4 16. e3 Nc6 17. Qa4 Ne5 18. Qf4 Rfd8 19. Qxf6 gxf6 20. Rfd1 Bg4 21. Rxd5 Kg7 22. h3 Rxd5 23. Nxd5 Be6 24. Nf4 Nc6 25. a6 Bc8 26. Rc1 Rb8 27. Be4 f5 28. Bxc6 bxc6 29. Rxc6 Bd7 30. Rc7 Be8 31. Rb7 Rc8 32. Ne6+ Kf6 33. Nd4 Ra8 34. b4 Ke5 35. b5 h5 36. Re7+ Kf6 37. Rc7 Rb8 38. Rxa7 Bxb5 39. Rb7 Ra8 40. Rxb5 Rxa6 41. Rxf5+ Kg6 42. Rb5 h4 43. gxh4 Kh6 44. Nf5+ Kh5 45. Ng3+ Kh6 46. h5 f5 47. Rxf5 Ra7 48. Rf6+ Kg5 49. Rg6+ Kh4 50. Kg2 Rg7 51. e4 Rg8 52. e5 1-0

[Event "GER-chT Seniors 10th"]
[Site "Rheda Wiedenbrueck"]
[Date "2001.08.18"]
[Round "7.4"]
[White "Perk, Egbert"]
[Black "Mueller, Helmut"]
[Result "1/2-1/2"]
[WhiteElo "2063"]
[BlackElo "1873"]
[PlyCount "61"]
[EventDate "2001.08.12"]
[EventType "team-tourn"]
[EventRounds "7"]
[EventCountry "GER"]
[SourceTitle "EXT 2002"]
[Source "ChessBase"]
[SourceDate "2001.11.25"]
[SourceVersion "1"]
[SourceVersionDate "2001.11.25"]
[SourceQuality "1"]
[WhiteTeam "Niedersachsen Seniors II"]
[BlackTeam "Bayern Seniors II"]
[WhiteTeamCountry "GER"]
[BlackTeamCountry "GER"]

1. d4 Nf6 2. c4 g6 3. Nc3 Bg7 4. e4 d6 5. Be2 0-0 6. Bg5 Nbd7 7. Qd2 e5 8. d5 a5 9. Bh6 Nc5 10. Bxg7 Kxg7 11. Bf3 Bd7 12. Nge2 Ne8 13. g4 Qh4 14. Rg1 h6 15. Ng3 Kf6 16. h3 Ke7 17. Bg2 Qg5 18. Rd1 Qxd2+ 19. Rxd2 Ng7 20. Rf1 f5 21. f3 Rf7 22. gxf5 gxf5 23. exf5 Nxf5 24. Nxf5+ Bxf5 25. Ne4 Bxe4 26. fxe4 Rxf1+ 27. Kxf1 Rf8+ 28. Ke2 Rf4 29. Ke3 a4 30. Rd1 Kf6 31. Rg1 1/2-1/2

[Event "GER-chT Seniors 10th"]
[Site "Rheda Wiedenbrueck"]
[Date "2001.08.15"]
[Round "4.4"]
[White "Mueller, Helmut"]
[Black "Luetje, Juergen"]
[Result "0-1"]
[WhiteElo "1873"]
[BlackElo "2023"]
[PlyCount "102"]
[EventDate "2001.08.12"]
[EventType "team-tourn"]
[EventRounds "7"]
[EventCountry "GER"]
[SourceTitle "EXT 2002"]
[Source "ChessBase"]
[SourceDate "2001.11.25"]
[SourceVersion "1"]
[SourceVersionDate "2001.11.25"]
[SourceQuality "1"]
[WhiteTeam "Bayern Seniors II"]
[BlackTeam "Brandenburg Seniors"]
[WhiteTeamCountry "GER"]
[BlackTeamCountry "GER"]

1. e4 c5 2. Nf3 e6 3. d4 cxd4 4. Nxd4 Nc6 5. Nxc6 bxc6 6. c4 Nf6 7. Nc3 d6 8. Be2 Be7 9. 0-0 Qc7 10. Be3 0-0 11. Rc1 Rb8 12. Qc2 e5 13. h3 Be6 14. Rfd1 Nd7 15. b3 f5 16. exf5 Bxf5 17. Bd3 Bxd3 18. Qxd3 Nf6 19. Bg5 Rbd8 20. Qe2 Qd7 21. Rc2 Qe6 22. Rcd2 Rd7 23. f4 Rfd8 24. fxe5 dxe5 25. Rxd7 Rxd7 26. Rxd7 Bc5+ 27. Be3 Nxd7 28. Bxc5 Nxc5 29. Ne4 Nxe4 30. Qxe4 Qd6 31. Kf2 g6 32. Ke3 Qc5+ 33. Kd3 Kg7 34. a3 h5 35. b4 Qd6+ 36. Kc3 Kf6 37. h4 Ke7 38. a4 c5 39. bxc5 Qxc5 40. Qxg6 Qd4+ 41. Kb3 Qb6+ 42. Qxb6 axb6 43. c5 bxc5 44. Kc4 e4 45. a5 Kd6 46. Kc3 Kc6 47. g4 hxg4 48. h5 g3 49. h6 g2 50. h7 g1Q 51. h8Q Qa1+ 0-1